03027nam a2200349Ia 4500952009700000952009700097952011400194952010600308952011200414952011200526952010000638952011200738952011200850952011200962999001701074008004101091020001501132050002501147082001901172100002701191240004801218245014901266260003801415300004401453500003501497505091001532519008602442519004402528650002702572700006602599942001202665 00104070a09b09d2009-03-24l0oHF5548.32 V4584p09 002828r2012-06-26t1w2012-06-26yLB 00104070a09b09d2009-03-25l0oHF5548.32 V4584p09 002843r2012-06-26t2w2012-06-26yLB 00104070a07b07d2011-12-26l5oHF5548.32 V4584 2001p07 002773r2017-03-21s2017-03-17t1w2012-06-26yLB 00104070a15b15d2010-10-19l1o 380.1 V432Fp15 004504r2017-12-07s2015-03-28t1w2012-06-28yLB 00104070a03b03d2001-05-15l4oHF5548.32 E54 2001p03 005731r2014-04-01s2014-03-31t1w2012-07-20yLB 00104070a13b13d2010-07-24l4oHF5548.32 E54 2001p13 001446r2014-02-22s2014-02-19t1w2012-09-05yLB 00104070a14b14d2009-11-26l0oHF5548.32 V45 2001p14 002082r2012-10-28t1w2012-10-28yLB 00104070a14b14d2009-11-26l1oHF5548.32 V45 2001p14 002168r2014-07-16s2014-07-14t2w2012-10-28yLB 00104070a14b14d2009-11-26l1oHF5548.32 V45 2001p14 002169r2014-08-02s2013-07-25t3w2012-10-28yLB 00104070a03b03d2014-10-08l1oHF5548.32 E54 2001p03 007402r2015-08-04s2015-08-04t2w2014-10-08yLB c64324d64324120626s2001 mx a 000 0 spa d a9701035399 4aHF5548.32 bE54 2001 a 380.1 bV432f aVelte, Toby J. eautor aE-Bussiness: A Beginner´s guidelespañol aFundamentos de comercio electrónico c / Toby J. Velte, Robert C. Elsenpeter ; traducción Ascención Guadalupe de la Campa Pérez Sevilla aMéxico b : McGraw Hillc, 2001 axxiv, , 486 páginasb : ilustraciones aIncluye: índice (pp.471-486) aComercio electrónico por medio de la tecnología El comercio electrónico alcanza la mayoría de edad El caso comercial del comercio electrónico Servidores y clientes del comercio eletrónico Sistemas operativos Como configurar un servidor para el comercio electrónico Cómo conectar a los clientes Cómo construir la infraestructura del comercio electónico Redes de área local (LAN) Redes de área amplia Calidad de servicio La red pensante Cómo mantener y optimizar los sitios para el comercio eletrónico Cómo se aseguran los ambientes del comercio electrónico Creación de redes seguras Infraestructura de llave pública Cómo asegurar los servidores para comercio electrónico Cómo ejecutar los sistemas para el comercio electrónico Cómo conectar las soluciones de comercio electrónico Proveedores de servicios de aplicaciones para el comercio electrónico  aPlan Flexible / bInformática /cNegocios Electrónicos (P28-1) /d(03 007402) aMaterial Complementario / d(03 005731)10aCOMERCIO ELECTRÓNICO aCampa Pérez Sevilla, Ascención Guadalupe de laetraductor 2lcccLB